00917 a2200229 45000010006000000050017000060080041000230030015000640400040000790800043001192450038001620200018002002640034002183000025002525050283002770410008005601000025005687000022005937000024006157000020006397000028006593867020260407155648.0260407a1983 arg spa dAR-UNSa-BCEJYS aAR-UNSa-BCEJYSbspacAR-UNSa-BCEJYS a51-7:658.8xMatemáticas en Marketing10aMatemáticas en la mercadotecnia a968-451-457-3 1aMéxico :bMcGraw-Hillc1983 aviii, 142 p.c27 cm. a1. Matemáticas y ventas - 2. Manejo de registros de ventas - 3. Transacciones con máquina registradora - 4. Pesos y medidas en ventas - 5. Matemáticas y procedimientos de inventarios - 6. Procedimientos de compras - 7. Procedimientos en precios - 8. Cálculo de nómina. aspa1 aDíaz Mata, Alfredo1 aLogan, William B.1 aHerbert Freeman, M.1 aDorr, Eugene L.1 aVillarreal V., Héctor